Pink Floyd Song Titles by Initials - Statistics

General Stats
  • This quiz has been taken 185 times
    47 since last reset
  • The average score is 9 of 20
Answer Stats
Acronym Song % Correct
WYWH Wish You Were Here
95%
SOYCD Shine On You Crazy Diamond
72%
CN Comfortably Numb
69%
ABITW Another Brick in the Wall
64%
P(TDO) Pigs (Three Different Ones)
56%
D Dogs
54%
ITAOT? Is There Anybody Out There?
49%
TGGITS The Great Gig in the Sky
46%
HH High Hopes
44%
TFC The Final Cut
41%
UAT Us and Them
41%
AHM Atom Heart Mother
38%
LTF Learning to Fly
38%
IO Interstellar Overdrive
33%
RLH Run Like Hell
33%
SSOSFAGTIACAGWAP Several Species of Small Furry Animals Gathered Together in a Cave and Grooving with a Pict
31%
AD Astronomy Domine
26%
C24 Chapter 24
26%
BTBBH Bring the Boys Back Home
23%
STCFTHOTS Set the Controls for the Heart of the Sun
23%
No matching quizzes found
Score Distribution
Percent of People with Each Score
Percentile by Number Answered
Your Score History
You have not taken this quiz since the last reset